=LDR 00000nam 2200000 4500 =001 INLIS000000000041658 =005 20130612151158 =008 ***********************************ind** =035 ##$$0010-061300000041658 =041 ##$$a ind =082 ##$$a 2 x 1.4 =090 ##$$a 2 x 1.4, Adi a.6 =100 ##$$a Adilah, firmansyh =245 ##$$a Ayat-ayat MotivasiPembakar Semangat Hidup, Firmansyah Adlah =260 ##$$a 2011 $b Yogyakarta =300 ##$$a 160 cm, 18 cm =850 ##$$a NBPNMAT